书目信息 |
| 题名: |
看哪,克尔凯郭尔这个人
|
|
| 作者: | 汝信 著 | |
| 分册: | ||
| 出版信息: | 开封 河南大学出版社 2008 |
|
| 页数: | 156页 | |
| 开本: | 21cm | |
| 丛书名: | 赫尔墨斯国际前沿论文书系 | |
| 单 册: | ||
| 中图分类: | B534 | |
| 科图分类: | ||
| 主题词: | 哲学思想 | |
| 电子资源: | ||
| ISBN: | 978-7-81091-789-6 | |
| 000 | 00994oam2 2200277 450 | |
| 001 | 1135117385 | |
| 005 | 20111004094613.12 | |
| 010 | @a978-7-81091-789-6@dCNY13.00 | |
| 100 | @a20080620d2008 em y0chiy50 ea | |
| 101 | 0 | @achi |
| 102 | @aCN@b410000 | |
| 105 | @ay z 000yy | |
| 200 | 1 | @a看哪,克尔凯郭尔这个人@9kan na, ke er kai guo er zhe ge ren@f汝信著 |
| 210 | @a开封@c河南大学出版社@d2008 | |
| 215 | @a156页@d21cm | |
| 225 | 2 | @a赫尔墨斯国际前沿论文书系 |
| 330 | @a本书内容包括:青年克尔凯郭尔论苏格拉底的“反讽”、克尔凯郭尔论存在和存在的三种境界、克尔凯郭尔与黑格尔哲学等。 | |
| 461 | 0 | @12001 @a赫尔墨斯国际前沿论文书系 |
| 600 | 0 | @a克尔凯郭尔@c(Kierkegaard,Sren@f(1813~1855)@x人物研究 |
| 600 | 0 | @a克尔凯郭尔@c(Kierkegaard,Sren@f(1813~1855)@x哲学思想@x研究 |
| 600 | 0 | @a克尔凯郭尔@c(Kierkegaard,Sren@f(1813~1855) |
| 606 | 0 | @a哲学思想 |
| 690 | @aB534@v4 | |
| 701 | 0 | @a汝信@9ru xin@f(1931~)@4著 |
| 801 | 0 | @aCN@b91MARC@c20101222 |
| 905 | @a10447@dB534@eJY144 | |
| 看哪,克尔凯郭尔这个人/汝信著.-开封:河南大学出版社,2008 |
| 156页;21cm.-(赫尔墨斯国际前沿论文书系) |
| ISBN 978-7-81091-789-6:CNY13.00 |
| 本书内容包括:青年克尔凯郭尔论苏格拉底的“反讽”、克尔凯郭尔论存在和存在的三种境界、克尔凯郭尔与黑格尔哲学等。 |
| ● |
| 相关链接 |
|
|
|
|
正题名:看哪,克尔凯郭尔这个人
索取号:B534/JY144
 
预约/预借
| 序号 | 登录号 | 条形码 | 馆藏地/架位号 | 状态 | 备注 |
| 1 | 7809900 | 278099004 | 学院路分馆/ [索取号:B534/JY144] | 在馆 | |
| 2 | 7809901 | 278099013 | 学院路分馆/ [索取号:B534/JY144] | 在馆 | |
| 3 | 7809902 | 278099022 | 学院路分馆/ [索取号:B534/JY144] | 在馆 |